| 000 | 00970nam a22003497a 4500 | ||
|---|---|---|---|
| 001 | 0002807 | ||
| 003 | KOHA_MİRAKIL | ||
| 005 | 20260207001322.0 | ||
| 007 | ta | ||
| 008 | 130730b2006 tu a|||gr||||#||||0|tur | | ||
| 020 | _a9752955762 | ||
| 040 |
_aTR-BiSEU _btur _cTR-BiSEU _erda |
||
| 041 | 0 | _atur | |
| 044 | _ctu | ||
| 050 |
_aQD45 _b.G85 2006 |
||
| 100 | 1 | _aGülten, Şirin. | |
| 245 | 1 |
_aGenel kimya laboratuvar kitabı/ _cŞirin Gülten ; Şirin Gülten. |
|
| 264 | 1 |
_aİstanbul : _bBeta _c2006 |
|
| 300 | _aIX, 121 sayfa: resimli; 23 cm. | ||
| 336 |
_ametin _btxt _2rdacontent |
||
| 337 |
_aaracısız _bn _2rdamedia |
||
| 338 |
_acilt _bnc _2rdacarrier |
||
| 490 | 1 |
_aYayın ; _vno. |
|
| 490 | 1 | _a1682. | |
| 490 | 1 |
_aTeknik dizisi ; _v116. |
|
| 500 | _aKaynakça var. | ||
| 650 | 0 |
_aKimya Laboratuvar kitapları. _91587 |
|
| 830 | 1 |
_aYayın ; _vno. _91557 |
|
| 830 | 1 |
_a1682. _97461 |
|
| 830 | 1 |
_aTeknik dizisi ; _v116. _91559 |
|
| 942 |
_2lcc _cBK |
||
| 999 |
_c2794 _d2794 |
||